000 00382cam a2200169 4500
001 D14459
008 090401t1937 xxu||||| |||| 00| 0 eng d
035 _a(Sirsi) u15857
041 _aeng
100 _aWilkinson, S.G.G.
245 4 _aThe Tithe Act 1936
260 _aLondon
_bEstates Gazette
_c1937
350 _a0
520 _aShelf 137
942 _n0
948 _c04/03/1997
999 _c87318
_d87318